[Event "Asia-ch U08"]
[Site "Almaty"]
[Date "2024.06.14"]
[Round "4"]
[White "Malaknezhad, Mohammad Taha"]
[Black "Meiyazhagan, Kaviinayan"]
[Result "1-0"]
[WhiteElo "1655"]
[BlackElo "1626"]
[PlyCount "149"]
[EventDate "2024.06.12"]
[EventType "swiss"]
[EventRounds "9"]
[EventCountry "KAZ"]
[SourceTitle "EXT 2025"]
[Source "ChessBase"]
[SourceDate "2024.10.14"]
[SourceVersion "1"]
[SourceVersionDate "2024.10.14"]
[SourceQuality "1"]
[WhiteTeam "IRI"]
[BlackTeam "KOR"]

1. e4 e5 2. Nf3 Nc6 3. Bc4 Bc5 4. 0-0 Nf6 5. d3 0-0 6. Nbd2 d6 7. c3 Bg4 8. h3 Bh5 9. Re1 Re8 10. Nf1 a6 11. Bb3 Qd7 12. Ng3 Bg6 13. Bg5 Nh5 14. Nf1 h6 15. Be3 Bxe3 16. Nxe3 Nf4 17. Nd5 Nxd5 18. Bxd5 Kh8 19. Nh4 Bh7 20. Re3 Nd8 21. Rg3 c6 22. Bb3 Ne6 23. Qg4 g6 24. Bxe6 Qxe6 25. Nf5 h5 26. Qg5 Rg8 27. Nh4 f6 28. Qh6 Qf7 29. Re1 Qg7 30. Nxg6+ Qxg6 31. Rxg6 Rxg6 32. Qe3 Rag8 33. g3 d5 34. h4 dxe4 35. dxe4 Rg4 36. Rd1 Bxe4 37. Qh6+ Bh7 38. Qxf6+ R4g7 39. Qxe5 Bg6 40. Rd7 Kh7 41. Rxg7+ Rxg7 42. f4 Bf7 43. f5 Rg4 44. Qe7 Kg7 45. f6+ Kg6 46. Kf2 Ra4 47. Qe5 Rg4 48. b3 b5 49. Qe7 a5 50. Qc7 Bd5 51. Qg7+ Kf5 52. Qh6 Bf7 53. Qe3 Kxf6 54. Qf3+ Kg7 55. Qxc6 b4 56. c4 Rd4 57. Ke3 Rg4 58. Qc7 a4 59. Qe5+ Kg8 60. Qb8+ Kg7 61. Qxb4 axb3 62. axb3 Rxg3+ 63. Kf2 Rg4 64. Qc5 Rxh4 65. Qg5+ Bg6 66. Qxh4 Kh6 67. c5 Bf5 68. Qf6+ Bg6 69. c6 h4 70. Qxh4+ Kg7 71. c7 Bf5 72. Qg5+ Bg6 73. c8Q Kh7 74. Qd7+ Kh8 75. Qh6+ 1-0